| 000 | 00540 a2200193 4500 | ||
|---|---|---|---|
| 999 |
_c9878 _d9878 |
||
| 022 | _INo ISSN | ||
| 050 | _aKTL19.A35SOU1978 | ||
| 100 |
_aDuncan G _eeditor |
||
| 245 |
_aSouth African law reports: _b1978(3) - July _cDavid, Fisher |
||
| 264 |
_aCape Town: _bJuta & Company, _c1978 |
||
| 300 | _a374p : | ||
| 500 | _aIncludes index | ||
| 650 | _aLaw reports -- South Africa | ||
| 651 | _aSouth Africa | ||
| 700 |
_aBarnett M _eeditor |
||
| 700 |
_aBuchanan J L _eeditor |
||
| 700 | _aFisher D S | ||
| 942 |
_2lcc _cSERIALS _h19.A35 _iSOU _kKTL |
||